000 00276nam a2200121Ia 4500
008 190216s9999||||xx |||||||||||||| ||und||
100 _aAldous Huxley
245 0 _aEyeless In Gaza
260 _bPenguin Books
_c1968
300 _a399p
650 _aEnglish Novel
942 _cBK
999 _c12240
_d12240